|
|
|
|
| LEADER |
00000csc a2200000 a 4500 |
| 001 |
43138 |
| 005 |
20230308205540.0 |
| 008 |
979042|1976 ||||||||r|||||||||||spa|| |
| 020 |
|
|
|a 8432218146
|
| 040 |
|
|
|b spa
|
| 041 |
1 |
|
|a spa
|
| 082 |
0 |
|
|a 863.6
|
| 100 |
1 |
|
|a Goytisolo, Luis
|d 1931-
|9 286337
|
| 245 |
1 |
1 |
|a Las afueras
|c Luis Goytisolo
|h imp
|n no. 132
|
| 264 |
|
|
|a Barcelona
|b Seix Barral
|c 1976
|
| 300 |
|
|
|a 200 páginas:
|c 19,5 cm
|
| 490 |
|
|
|a Biblioteca Breve
|n no.132
|
| 650 |
1 |
|
|a Novela española
|9 267043
|
| 852 |
|
|
|a UC-CDJBV
|c TERCER PISO
|f Compra
|k margarita.gutierrez
|l 1
|m General
|p 19790426
|q 180,00
|r 8
|t 43138
|b 0
|d CDRC
|e CDRC
|g 863.6 TERCER PISO
|z 1979-90-42
|
| 942 |
|
|
|
| 999 |
|
|
|c 111831
|d 111831
|